Fjärde torsdagen i november : (Post nr. 54603)

MARC-detaljer
000 -LEADER
fixed length control field 02213cam a2200493 a 4500
001 - CONTROL NUMBER
control field 11746286
003 - CONTROL NUMBER IDENTIFIER
control field LIBRIS
005 - DATE AND TIME OF LATEST TRANSACTION
control field 20201118121004.0
008 - FIXED-LENGTH DATA ELEMENTS--GENERAL INFORMATION
fixed length control field 100129s2010 sw |||||||||||000 f|swe|
020 ## - INTERNATIONAL STANDARD BOOK NUMBER
International Standard Book Number 9789197864657
Qualifying information inb.
040 ## - CATALOGING SOURCE
Original cataloging agency LGEN
Modifying agency S
Description conventions a
041 ## - LANGUAGE CODE
Language code of text/sound track or separate title swe
082 04 - DEWEY DECIMAL CLASSIFICATION NUMBER
Classification number 839.73
Edition number 22 (machine generated)
084 ## - OTHER CLASSIFICATION NUMBER
Classification number Hc.01
Number source kssb/8
100 1# - MAIN ENTRY--PERSONAL NAME
Personal name Westman, Anton,
Dates associated with a name 1972-
Relationship aut
Authority record control number or standard number https://libris.kb.se/dbqss9dx16km9cg#it
245 10 - TITLE STATEMENT
Title Fjärde torsdagen i november :
Remainder of title roman /
Statement of responsibility, etc. Anton Westman.
264 #1 - PRODUCTION, PUBLICATION, DISTRIBUTION, MANUFACTURE, AND COPYRIGHT NOTICE
Place of production, publication, distribution, manufacture Enhörna :
Name of producer, publisher, distributor, manufacturer Tusculum,
Date of production, publication, distribution, manufacture, or copyright notice 2010
264 #3 - PRODUCTION, PUBLICATION, DISTRIBUTION, MANUFACTURE, AND COPYRIGHT NOTICE
Place of production, publication, distribution, manufacture Lettland
300 ## - PHYSICAL DESCRIPTION
Extent 147 s.
Dimensions 19 cm
340 ## - PHYSICAL MEDIUM
Dimensions 19 cm
500 ## - GENERAL NOTE
General note Originalupplaga 2010
776 08 - ADDITIONAL PHYSICAL FORM ENTRY
Relationship information Även utgiven elektroniskt
Title Fjärde torsdagen i november
Place, publisher, and date of publication 2010
International Standard Book Number 9789197864664
Record control number 11843717
887 ## - NON-MARC INFORMATION FIELD
Content of non-MARC field {"@id":"j2vw1w8v52jrtb8","modified":"2010-05-25T10:27:27+02:00","checksum":"52327526706"}
Source of data librisxl
887 ## - NON-MARC INFORMATION FIELD
Content of non-MARC field {"@id":"6bjn0c0c3w1tj6g","modified":"2010-06-11T15:31:05+02:00","checksum":"55720505621"}
Source of data librisxl
887 ## - NON-MARC INFORMATION FIELD
Content of non-MARC field {"@id":"qv26kp2w3snggp7","modified":"2010-07-27T08:26:41+02:00","checksum":"47322321435"}
Source of data librisxl
887 ## - NON-MARC INFORMATION FIELD
Content of non-MARC field {"@id":"48gl0vs90m7dp6q","modified":"2010-08-18T09:09:29+02:00","checksum":"44337889408"}
Source of data librisxl
887 ## - NON-MARC INFORMATION FIELD
Content of non-MARC field {"@id":"8dlqkznf3pf269j","modified":"2010-04-21T17:15:06+02:00","checksum":"23573446480"}
Source of data librisxl
887 ## - NON-MARC INFORMATION FIELD
Content of non-MARC field {"@id":"glsx8tzm3pvt6gb","modified":"2010-06-14T14:44:25+02:00","checksum":"51348946916"}
Source of data librisxl
887 ## - NON-MARC INFORMATION FIELD
Content of non-MARC field {"@id":"4gtbzsps2gmr6nc0","modified":"2020-06-08T15:44:41.769+02:00","checksum":"25364500361"}
Source of data librisxl
942 ## - ADDED ENTRY ELEMENTS (KOHA)
Source of classification or shelving scheme Other/Generic Classification Scheme
Koha item type Bok
949 ## - LOCAL PROCESSING INFORMATION (OCLC)
5 G
6 1001776860
a 10/580
s 7500
t YNNNN
Bestånd
Withdrawn status Lost status Source of classification or shelving scheme Damaged status Not for loan Home library Current library Date acquired Total Checkouts Full call number Barcode Date last seen Price effective from Koha item type
    Other/Generic Classification Scheme     Karlskoga Lasarettsbibliotek Karlskoga Lasarettsbibliotek 18/11/2020   Hc 8004145880108 18/11/2020 18/11/2020 Bok
Medicinska biblioteket, Karlskoga lasarett
Måndag och onsdag: 10.00-14.30, Lunchstängt 11.30-12.00.
Fredagar: 10.00-12.00.

Madelene Ribbing, bibliotekarie
Lena Mileraux, biblioteksassistent/administratör
0586-664 49
medbibl.kgalas@regionorebrolan.se




Medicinska biblioteket, Lindesbergs lasarett
Dörren till bibliotket är upplåst mellan 07-16:00 på vardagar.
Dörren i hisshallen är öppen måndag - tosdag 7.00 - 15.00. Fredagar stängt.

Bibliotekets bemanning:
Mån: självbetjäning
Tis, ons och tors: 10-15
Fre: självbetjäning

Madelene Ribbing, bibliotekarie
Telefon: 0581-853 11, 072-14 77 552
medbibl.lbglas@regionorebrolan.se